Name all the songs from Hamilton - Statistics

General Stats
  • This quiz has been taken 48 times
  • The average score is 37 of 46
Answer Stats
Answer % Correct
Alexander Hamilton
100%
The Story of Tonight
97%
Aaron Burr, Sir
94%
My Shot
94%
Helpless
92%
Burn
89%
Satisfied
89%
Say No To This
89%
Wait For It
89%
Cabinet Battle #1
86%
Cabinet Battle #2
86%
Dear Theodosia
86%
Right Hand Man
86%
You'll be Back
86%
A Winters Ball
83%
Non-Stop
83%
The Schuyler Sisters
83%
Farmer Refuted
81%
Ten Duel Commandments
81%
The Room Where It Happens
81%
Who Lives, Who Dies, Who Tells Your Story
81%
Your Obedient Servant
81%
Guns and Ships
78%
It's Quiet Uptown
78%
Meet Me Inside
78%
One Last Time
78%
Stay Alive
78%
The Election of 1800
78%
What Comes Next?
78%
What'd I miss
78%
Hurricane
75%
I Know Him
75%
Take a Break
75%
The Reynolds Pamphlet
75%
The Story of tonight (reprise)
75%
Washington On Your Side
75%
That Would Be Enough
72%
The World Was Wide Enough
72%
History Has Its Eyes On You
69%
We Know
69%
Blow Us All Away
67%
Yorktown (The World Turned Upside Down)
67%
Best of Wives and Best of Women
64%
The Adams Administration
64%
Stay Alive (reprise)
61%
Schuyler Defeated
56%
No matching quizzes found
Score Distribution
Percent of People with Each Score
Percentile by Number Answered
Your Score History
You have not taken this quiz